| 000 | 00496pab a2200181 454500 | ||
|---|---|---|---|
| 008 | 180718b1995 xxu||||| |||| 00| 0 eng d | ||
| 100 | _aMiron, John R. | ||
| 245 |
_aPrivate rental housing _bthe Canadian experience. |
||
| 260 | _c1995 | ||
| 300 | _ap.579-604 | ||
| 362 | _aApr | ||
| 650 | _aReal estate business - Canada | ||
| 650 | _aHousing - Canada | ||
| 650 | _aRental housing - Canada | ||
| 650 | _aHousing - Law and legislation - Canada | ||
| 773 | _aUrban Studies | ||
| 909 | _a28633 | ||
| 999 |
_c28633 _d28633 |
||